LEADER 01039nam 2200373 450 001 9910158611303321 005 20230810001646.0 010 $a1-5345-2024-4 035 $a(CKB)3710000001010297 035 $a(MiAaPQ)EBC5538598 035 $a(EXLCZ)993710000001010297 100 $a20181029d2017 uy 0 101 0 $aeng 135 $aurcnu|||||||| 181 $ctxt$2rdacontent 182 $cc$2rdamedia 183 $acr$2rdacarrier 200 10$aReptiles /$fby Steffi Cavell-Clarke 210 1$aNew York, NY :$cKidHaven Publishing,$d2017. 215 $a1 online resource (32 pages) $cillustrations 225 1 $aAnimal Classification 311 $a1-5345-2023-6 410 0$aAnimal classification (New York, N.Y.) 606 $aReptiles$vJuvenile literature 615 0$aReptiles 676 $a597.9 700 $aCavell-Clarke$b Steffi$01378595 801 0$bMiAaPQ 801 1$bMiAaPQ 801 2$bMiAaPQ 906 $aBOOK 912 $a9910158611303321 996 $aReptiles$93417587 997 $aUNINA LEADER 01514nam 2200361 450 001 9910135417303321 005 20231208095026.0 010 $a0-7381-9995-8 035 $a(CKB)3780000000092659 035 $a(NjHacI)993780000000092659 035 $a(EXLCZ)993780000000092659 100 $a20231208d2015 uy 0 101 0 $aeng 135 $aur||||||||||| 181 $ctxt$2rdacontent 182 $cc$2rdamedia 183 $acr$2rdacarrier 200 10$aHealth informatics$hPart 20601 Application profile, $ioptimized exchange protocol : corrigendum 1 $epersonal health device communication /$fInstitute of Electrical and Electronics Engineers 210 1$aPiscataway, NJ :$cIEEE,$d2015. 215 $a1 online resource 517 $a11073-20601-2014/Cor 1-2015 - IEEE Health informatics--Personal health device communication Part 20601 517 $aIEEE Std 11073-20601-2014/Cor 1-2015 (Corrigendum to IEEE Std 11073-20601-2014): IEEE Health informatics--Personal health device communication Part 20601: Application profile--Optimized Exchange Protocol - Corrigendum 1 517 $aIEEE Std 11073-20601-2014/Cor 1-2015 517 $aIEEE Health informatics--Personal health device communication Part 20601 606 $aBioinformatics$xStatistical methods 615 0$aBioinformatics$xStatistical methods. 676 $a570.285 801 0$bNjHacI 801 1$bNjHacl 906 $aDOCUMENT 912 $a9910135417303321 996 $aHealth Informatics$91777900 997 $aUNINA